000
00216nam a2200097Ia 4500
005
20251222175816.0
008
251222s9999||||xx |||||||||||||| ||spa||
082
_a
DVD0070/S75A/1997
245
0
_a
Amistad:
942
_c
DVD
999
_c
40334
_d
40334